000 00236nam a22000857a 4500
008 160712b xxu||||| |||| 00| 0 eng d
100 _92706
_aShreelatha A.P
245 _aSecondary Physics for us-IX
260 _aNew Delhi
_bAPC Publication
_c2006
999 _c2349
_d2349